000 01114nam a22002297a 4500
008 230526s2015 xxk|||||o|||| 00| 0 eng d
020 _a9781783210800
041 _aeng
110 _aRoyal Institution of Chartered Surveyors
245 _aApplication des Normes d’évaluation de la RICS
_h[Electronic resource]
250 _a1st
260 _aLondon,
_bRoyal Institution of Chartered Surveyors,
_c2015
300 _a15p.
490 _aRICS Red Book
520 _aThe French RICS Valuation Professional Group has developed this guidance note, which covers mandatory application in France, where members must comply with, in addition to French regulations, the Charte de l’Expertise en Evaluation Immobilière, 2012 (the Charter). This is the national valuation standard for France.
650 _aVALUATION
651 _aFrance
690 _96273
_aValuation
710 _aRoyal Institution of Chartered Surveyors
856 _uhttps://www.isurv.com/downloads/file/6682/application_of_the_rics_valuation_professional_standards_in_france_1st_edition_french_language
_zArchived on iSurv
942 _n0
999 _c121511
_d121511